Muzej ukrajinskoji kuľtury u Svydnyku, ČSSR - ekspozycija "Stolittja", dever´janyj barokovyj kelich z 17.st. (Kožany)
Zobrazenie: Pohľad zblízka na drevený barokový kalich stojaci na výstavnom stole
| Other Authors: | |
|---|---|
| Format: | Postcard |
| Language: | Ukrainian English German Slovak |
| PhysicalDescription: | 1 pohľadnica čiernobiela 15 x 11 cm |
| Published: |
Praha
Pressfoto
[nie pred 1963]
|
| Subjects: |
MARC
| LEADER | 00000nkm a2200000 a 4500 | ||
|---|---|---|---|
| 001 | vtls011768500 | ||
| 003 | SK-MaSNL | ||
| 005 | 20260512122932.0 | ||
| 007 | kp bo | ||
| 008 | 230718q1963 xr g kuukr | ||
| 015 | |a SNBG | ||
| 035 | |a urn:nbn:sk:snk-km00dn77 | ||
| 035 | |a urn:nbn:sk:snk-km3m028 | ||
| 035 | |a 8F505F0E-CB9E-460A-9BDE-C4B5663B426C | ||
| 040 | |a SNK |b slo |c SNK |e AACR2 | ||
| 041 | 0 | |a ukr |a eng |a ger |a slo | |
| 043 | |a e-xo--- | ||
| 044 | |a xr |c CZ | ||
| 072 | 7 | |a 913 |x Regionálna geografia |2 konspekt | |
| 072 | 7 | |a 069 |x Múzeá. Muzeológia. Múzejníctvo. Výstavy |2 konspekt | |
| 080 | |a 913(437.6) |2 2011 | ||
| 080 | |a 069.5 |2 2011 | ||
| 080 | |a (084.121) |2 2011 | ||
| 100 | 1 | |a Vydra, Vladimír |c (fotograf) |4 pht |9 338347 | |
| 245 | 1 | 0 | |a Muzej ukrajinskoji kuľtury u Svydnyku, ČSSR - ekspozycija "Stolittja", dever´janyj barokovyj kelich z 17.st. (Kožany) |h grafika |c foto Vladimír Vydra |
| 246 | 3 | 1 | |a Múzeum ukrajinskej kultúry vo Svidníku, ČSSR - expozícia "Stáročia", drevený barokový kalich zo 17. s. (Kožany) |
| 246 | 3 | 1 | |a Museum of Ukrainian Culture in Svidník, Czechoslovakia - exhibition of the "Centuries", wooden baroque goblet from the 17th century (Kožany) |
| 246 | 3 | 1 | |a Museum der ukrainischen Kultur in Svidnik, ČSSR - Exposition "Jahrhunderte", hölzerner Barock-kelch aus dem 17. Jh. (Kožany) |
| 260 | |a Praha |b Pressfoto |c [nie pred 1963] | ||
| 300 | |a 1 pohľadnica |b čiernobiela |c 15 x 11 cm | ||
| 520 | 8 | |a Zobrazenie: Pohľad zblízka na drevený barokový kalich stojaci na výstavnom stole | |
| 546 | |a Súbežný názov v eng., ger., slo. | ||
| 650 | 0 | 7 | |a múzeá |2 SNKPH |9 4119 |
| 650 | 0 | 7 | |a múzejné zbierky |2 SNKPH |9 69988 |
| 651 | 7 | |a Svidník (Slovensko) |2 SNKPHgeo |9 28309 | |
| 655 | 7 | |a miestne pohľadnice |2 SNKPH |9 70510 | |
| 852 | |a Slovenská národná knižnica | ||
| 954 | |a pohľadnice pôvodné (slovenské) |2 lita | ||
| 954 | |a pohľadnice cudzojazyčné (svetové) |2 lita | ||
| 958 | |a GBN | ||
| 958 | |a GC | ||
| 958 | |a OND | ||
| 958 | |a EUIPO | ||
| 999 | |c 684506 |d 686436 | ||
| 952 | |a SNK |b SNK |y PREZ |7 0 |p 17A1279950 |o snkSP 51402 |0 0 |1 0 |4 0 |d 2018-07-24 |f 1 |l 0 |r 2026-02-23 20:08:24 |w 2026-02-23 | ||


